00497nam a2200145Ia 4500008004100000041000800041082001600049100002200065245004300087260004200130300003000172365000900202999001700211952012300228240624s9999 xx 000 0 und d aeng a371.102 KOT aKOTTLER JEFFREY A aTEACHER S JOURNEY THE HUMAN DIMENSIONS c2013aLondonbCorwin (A Sage Company) axi, : 171 : p. : cm. ; 25 cb38 c21648d21648 00104070aIMTNbIMTNcRack 16-Bd2013-09-05eIBHg34.95o371.102 KOTp21648r2024-06-24 00:00:00t63w2024-06-24yBK